| 000 | 00814nam a22002177a 4500 | ||
|---|---|---|---|
| 999 |
_c19129 _d19129 |
||
| 005 | 20200131073131.0 | ||
| 008 | 161123t2015 ck ad|||r|||| 00| 0 spa d | ||
| 020 | _a9789585938304 | ||
| 040 |
_aCO-BoIAVH _cCO-BoIAVH |
||
| 041 | 0 | _aspa | |
| 044 | _ack | ||
| 082 | 0 | 4 |
_a331.76584 _bP96c |
| 110 | _aMinisterio de minas y energía | ||
| 245 | 0 | 0 |
_aProtocolo de comunicación para proyectos mineros / _cMinisterio de Minas y Energía |
| 260 |
_aBogotá, Colombia : _bMinisterio de Minas y Energía, _c2015. |
||
| 300 |
_a32 páginas : _bilustraciones a color y tablas ; _c28 x 22 cm. |
||
| 650 | 2 | 6 |
_aMinería _xProyectos _xComunicación _vProtocolos |
| 650 | 2 | 6 |
_aMinería _xProyectos _xMetodología |
| 650 | 2 | 6 |
_aMinería _xProyectos _xComunicación de masas |
| 942 |
_2ddc _cFolleto |
||